| 000 | 00536nam a22001697a 4500 | ||
|---|---|---|---|
| 003 | BD-ChCU | ||
| 005 | 20260119103432.0 | ||
| 008 | 260119b bg ||||| |||| 00| 0 ben d | ||
| 040 | _cBD-ChCU | ||
| 082 | _a368.7 SUS | ||
| 100 |
_aSunil Rai Choudhuri. _919389 |
||
| 245 |
_aSocial security in India and Britain : _ba study of the Industrial injury schemes in the two countries.// _cSunil Rai Choudhuri. |
||
| 260 |
_aCalcutta. _bWorld Press. _c1962 |
||
| 300 | _axv, 328p | ||
| 650 | 0 |
_aInsurance, Social. _919390 |
|
| 942 |
_2ddc _cBK _n0 |
||
| 999 |
_c111126 _d111126 |
||